Sports Quiz

Random Sports Quiz

Formula 1 Results: 00's Quiz Stats

Quiz not verified by Sporcle

Also try: NFL Stadiums
Challenge
Share
Tweet
Embed
Score 0/247 Timer 10:00
0 Plays Today
year Answer % Correct
2000Michael Schumacher
100%
2000Ralf Schumacher
100%
2001Michael Schumacher
100%
2001Ralf Schumacher
100%
2001Fernando Alonso
100%
2002Michael Schumacher
100%
2002Ralf Schumacher
100%
2003Michael Schumacher
100%
2003Ralf Schumacher
100%
2003Fernando Alonso
100%
2004Michael Schumacher
100%
2004Ralf Schumacher
100%
2004Fernando Alonso
100%
2005Fernando Alonso
100%
2005Michael Schumacher
100%
2005Ralf Schumacher
100%
2006Fernando Alonso
100%
2006Ralf Schumacher
100%
2006Michael Schumacher
100%
2007Ralf Schumacher
100%
2007Fernando Alonso
100%
2008Fernando Alonso
100%
2009Fernando Alonso
100%
2000Jenson Button
99.5%
2001Kimi Raikkonen
99.5%
2001Jenson Button
99.5%
2002Kimi Raikkonen
99.5%
2002Jenson Button
99.5%
2003Kimi Raikkonen
99.5%
2003Jenson Button
99.5%
2004Kimi Raikkonen
99.5%
2004Jenson Button
99.5%
2005Jenson Button
99.5%
2005Kimi Raikkonen
99.5%
2006Jenson Button
99.5%
2006Kimi Raikkonen
99.5%
2007Kimi Raikkonen
99.5%
2007Jenson Button
99.5%
2008Kimi Raikkonen
99.5%
2008Jenson Button
99.5%
2009Jenson Button
99.5%
2009Kimi Raikkonen
99.5%
2000Rubens Barrichello
99%
2001Rubens Barrichello
99%
2002Rubens Barrichello
99%
2003Rubens Barrichello
99%
2004Rubens Barrichello
99%
2005Rubens Barrichello
99%
2006Rubens Barrichello
99%
2007Rubens Barrichello
99%
2007Lewis Hamilton
99%
2008Lewis Hamilton
99%
2008Rubens Barrichello
99%
2009Rubens Barrichello
99%
2009Lewis Hamilton
99%
2002Felipe Massa
98.5%
2004Felipe Massa
98.5%
2005Felipe Massa
98.5%
2006Felipe Massa
98.5%
2007Felipe Massa
98.5%
2008Felipe Massa
98.5%
2009Felipe Massa
98.5%
2000David Coulthard
97.9%
2001David Coulthard
97.9%
2002David Coulthard
97.9%
2002Mark Webber
97.9%
2003Mark Webber
97.9%
2004David Coulthard
97.9%
2004Mark Webber
97.9%
2005David Coulthard
97.9%
2005Mark Webber
97.9%
2006David Coulthard
97.9%
2006Mark Webber
97.9%
2007David Coulthard
97.9%
2007Mark Webber
97.9%
2008Mark Webber
97.9%
2008David Coulthard
97.9%
2009Mark Webber
97.9%
2000Mika Hakkinen
97.4%
2001Juan Pablo Montoya
97.4%
2001Mika Hakkinen
97.4%
2002Juan Pablo Montoya
97.4%
2003Juan Pablo Montoya
97.4%
year Answer % Correct
2004Juan Pablo Montoya
97.4%
2005Juan Pablo Montoya
97.4%
2006Juan Pablo Montoya
97.4%
2007Sebastian Vettel
96.9%
2008Sebastian Vettel
96.9%
2009Sebastian Vettel
96.9%
2003David Coulthard
96.4%
2000Giancarlo Fisichella
93.8%
2000Jarno Trulli
93.8%
2001Jarno Trulli
93.8%
2001Giancarlo Fisichella
93.8%
2002Jarno Trulli
93.8%
2002Giancarlo Fisichella
93.8%
2003Jarno Trulli
93.8%
2003Giancarlo Fisichella
93.8%
2004Giancarlo Fisichella
93.8%
2004Jarno Trulli
93.8%
2005Giancarlo Fisichella
93.8%
2005Jarno Trulli
93.8%
2006Giancarlo Fisichella
93.8%
2006Jarno Trulli
93.8%
2007Jarno Trulli
93.8%
2007Giancarlo Fisichella
93.8%
2008Jarno Trulli
93.8%
2008Giancarlo Fisichella
93.8%
2009Giancarlo Fisichella
93.8%
2009Jarno Trulli
93.8%
2006Nico Rosberg
90.2%
2007Nico Rosberg
90.2%
2008Nico Rosberg
90.2%
2009Nico Rosberg
90.2%
2000Jacques Villeneuve
89.7%
2001Jacques Villeneuve
89.7%
2002Jacques Villeneuve
89.7%
2003Jacques Villeneuve
89.7%
2004Jacques Villeneuve
89.7%
2005Jacques Villeneuve
89.7%
2006Jacques Villeneuve
89.7%
2000Heinz- Harald Frentzen
89.2%
2001Heinz- Harald Frentzen
89.2%
2002Heinz- Harald Frentzen
89.2%
2003Heinz- Harald Frentzen
89.2%
2006Robert Kubica
89.2%
2007Robert Kubica
89.2%
2008Robert Kubica
89.2%
2009Robert Kubica
89.2%
2000Nick Heidfeld
88.1%
2001Nick Heidfeld
88.1%
2002Nick Heidfeld
88.1%
2003Nick Heidfeld
88.1%
2004Nick Heidfeld
88.1%
2005Nick Heidfeld
88.1%
2006Nick Heidfeld
88.1%
2007Nick Heidfeld
88.1%
2008Nick Heidfeld
88.1%
2009Nick Heidfeld
88.1%
2000Eddie Irvine
86.1%
2000Jean Alesi
86.1%
2001Eddie Irvine
86.1%
2001Jean Alesi
86.1%
2002Eddie Irvine
86.1%
2002Takuma Sato
84.5%
2003Takuma Sato
84.5%
2004Takuma Sato
84.5%
2005Takuma Sato
84.5%
2006Takuma Sato
84.5%
2007Takuma Sato
84.5%
2007Heikki Kovalainen
84.5%
2008Heikki Kovalainen
84.5%
2008Takuma Sato
84.5%
2009Heikki Kovalainen
84.5%
2004Timo Glock
80.4%
2008Timo Glock
80.4%
2009Timo Glock
80.4%
2000Jos Verstappen
79.9%
2001Jos Verstappen
79.9%
2003Jos Verstappen
79.9%
2001Olivier Panis
79.4%
2002Olivier Panis
79.4%
2003Olivier Panis
79.4%
2004Olivier Panis
79.4%
2007Adrian Sutil
77.3%
2008Adrian Sutil
77.3%
year Answer % Correct
2009Adrian Sutil
77.3%
2000Pedro de la Rosa
76.3%
2001Pedro de la Rosa
76.3%
2002Pedro de la Rosa
76.3%
2005Pedro de la Rosa
76.3%
2006Pedro de la Rosa
76.3%
2000Mika Salo
75.3%
2002Mika Salo
75.3%
2000Alexander Wurz
74.7%
2005Alexander Wurz
74.7%
2007Alexander Wurz
74.7%
2005Vitantonio Liuzzi
74.2%
2006Vitantonio Liuzzi
74.2%
2007Vitantonio Liuzzi
74.2%
2009Vitantonio Liuzzi
74.2%
2009Sebastien Buemi
73.7%
2000Johnny Herbert
73.2%
2008Nelson Piquet jr.
73.2%
2009Nelson Piquet jr.
73.2%
2006Scott Speed
71.6%
2007Scott Speed
71.6%
2008Sebastien Bourdais
71.6%
2009Sebastien Bourdais
71.6%
2005Christijan Albers
67%
2006Christijan Albers
67%
2007Christijan Albers
67%
2009Luca Badoer
65.5%
2004Christian Klien
64.9%
2005Christian Klien
64.9%
2006Christian Klien
64.9%
2009Romain Grosjean
64.9%
2000Marc Gené
63.9%
2003Marc Gené
63.9%
2004Marc Gené
63.9%
2005Tiago Monteiro
63.9%
2006Tiago Monteiro
63.9%
2007Kazuki Nakajima
63.9%
2008Kazuki Nakajima
63.9%
2009Kazuki Nakajima
63.9%
2001Alex Yoong
63.4%
2002Alex Yoong
63.4%
2003Zsolt Baumgartner
63.4%
2004Zsolt Baumgartner
63.4%
2000Ricardo Zonta
62.9%
2001Ricardo Zonta
62.9%
2004Ricardo Zonta
62.9%
2000Pedro Diniz
62.4%
2009Jaime Alguersuari
61.9%
2002Anthony Davidson
61.3%
2005Anthony Davidson
61.3%
2007Anthony Davidson
61.3%
2008Anthony Davidson
61.3%
2009Kamui Kobayashi
61.3%
2006Yuji Ide
60.8%
2006Sakon Yamamoto
60.3%
2007Sakon Yamamoto
60.3%
2000Gaston Mazzacane
59.8%
2000Luciano Burti
59.8%
2001Luciano Burti
59.8%
2001Gaston Mazzacane
59.8%
2005Narain Karthikeyan
59.8%
2003Cristiano da Matta
56.7%
2004Cristiano da Matta
56.7%
2005Robert Doornbos
56.2%
2006Robert Doornbos
56.2%
2002Allan McNish
55.7%
2001Enrique Bernoldi
54.6%
2002Enrique Bernoldi
54.6%
2003Antonio Pizzonia
54.1%
2004Antonio Pizzonia
54.1%
2005Antonio Pizzonia
54.1%
2003Justin Wilson
52.6%
2001Tomas Enge
52.1%
2004Giorgio Pantano
52.1%
2001Tarso Marques
51%
2003Ralph Firman
50.5%
2005Patrick Friesacher
48.5%
2006Franck Montagny
46.9%
2004Gianmaria Bruni
45.9%
2007Markus Winkelhock
44.8%
2003Nicolas Kiesa
38.1%

You're not logged in!

Compare scores with friends on all Sporcle quizzes.
Join for Free
OR
Log In

You Might Also Like...

Show Comments

Extras

Created Jan 17, 2017ReportNominate
Tags:formula, Formula 1, pts, result

Top Quizzes Today


Score Distribution

Your Account Isn't Verified!

In order to create a playlist on Sporcle, you need to verify the email address you used during registration. Go to your Sporcle Settings to finish the process.

Report this User

Report this user for behavior that violates our Community Guidelines.

Details: